Культурология. История мировой культуры: учебник для вузов

Détails bibliographiques
Autres auteurs: Маркова А. Н. Анна Николаевна (редактор)
Résumé:Культура анализируется как сложная многоуровневая система, включающая различные сферы — искусство, науку, религию, материальную культуру, обычаи и нравы народов. Рассматривается культура ведущих регионов мира (Европа, Восток, Америка) и ведущих стран разных эпох (первобытный мир, Древний мир, Средневековье, Новое и Новейшее время); даются анализ тенденций культурного развития регионов и краткая характеристика особенностей протекания этих процессов по этапам. Издание иллюстрировано. Для студентов вузов, учащихся колледжей и школ, а также для всех читателей, интересующихся историей мировой культуры.
Langue:russe
Publié: Москва, ЮНИТИ, 2008
Édition:2-е изд., стер.
Collection:Cogito ergo sum
Sujets:
Format: Livre
KOHA link:https://koha.lib.tpu.ru/cgi-bin/koha/opac-detail.pl?biblionumber=126154

MARC

LEADER 00000nam0a2200000 4500
001 126154
005 20231101215958.0
010 |a 9785238013770 
035 |a (RuTPU)RU\TPU\book\136484 
035 |a BOOK00013331 
035 |a RU\TPU\book\13264 
090 |a 126154 
100 |a 20011209d2008 m y0rusy50 ca 
101 0 |a rus 
102 |a RU 
105 |a a j 001zy 
200 1 |a Культурология. История мировой культуры  |e учебник для вузов  |f под ред. А. Н. Марковой 
205 |a 2-е изд., стер. 
210 |a Москва  |c ЮНИТИ  |d 2008 
215 |a 600 с.  |c ил. 
225 1 |a Cogito ergo sum 
320 |a Библиогр.: с. 576. 
330 |a Культура анализируется как сложная многоуровневая система, включающая различные сферы — искусство, науку, религию, материальную культуру, обычаи и нравы народов. Рассматривается культура ведущих регионов мира (Европа, Восток, Америка) и ведущих стран разных эпох (первобытный мир, Древний мир, Средневековье, Новое и Новейшее время); даются анализ тенденций культурного развития регионов и краткая характеристика особенностей протекания этих процессов по этапам. Издание иллюстрировано. Для студентов вузов, учащихся колледжей и школ, а также для всех читателей, интересующихся историей мировой культуры. 
451 1 |0 (RuTPU)RU\TPU\book\13264  |y 5-85178-0436  |t Культурология. История мировой культуры  |o учебник для вузов  |f Под ред. А. Н. Марковой  |e 2-е изд., перераб. и доп.  |c М.  |n ЮНИТИ  |d 2000  |p 600 с. 
606 1 |a Культурология  |2 stltpush  |3 (RuTPU)RU\TPU\subj\67420  |9 83233 
610 1 |a культура 
610 1 |a культурология 
610 1 |a история 
610 1 |a всемирная история 
610 1 |a учебные пособия 
610 1 |a древняя культура 
610 1 |a первобытное искусство 
610 1 |a Древний Египет 
610 1 |a Древняя Месопотамия 
610 1 |a Древняя Индия 
610 1 |a Древний Китай 
610 1 |a Древняя Греция 
610 1 |a Древний Рим 
610 1 |a славянская культура 
610 1 |a Северная Америка 
610 1 |a средневековая культура 
610 1 |a Западная Европа 
610 1 |a Возрождение 
610 1 |a Киевская Русь 
610 1 |a Московская Русь 
610 1 |a Византия 
610 1 |a арабский Восток 
610 1 |a Мезоамерика 
610 1 |a Южная Америка 
610 1 |a Просвещение 
610 1 |a 18 век 
610 1 |a 19 век 
610 1 |a 20 век 
610 1 |a русская культура 
610 1 |a США 
610 1 |a СССР 
686 |a Ч111я73  |v LBC/SL-A  |2 rubbk 
686 |a Ч113я73  |v LBC/SL-A  |2 rubbk 
702 1 |a Маркова  |b А. Н.  |g Анна Николаевна  |4 340 
801 1 |a RU  |b 63413507  |c 20071126  |g PSBO 
801 2 |a RU  |b 63413507  |c 20180831  |g PSBO 
900 |a Культурология 
942 |c BK 
952 |a 510000  |a 520000  |a 550000 
959 |a 83/20071122  |d 3  |e 115,00  |f АНЛ:2  |f ЧЗГЛ:1